000 00775nas a2200265 4500
001 BR2010005199
003 BR-BrBNA
005 20231205114727.0
007 ta
008 230509b bl.|||p| |||| 00| 00por d
040 _aBR-BrBNA
_bpor
_cBiblioteca Nacional de Agricultura
041 _a(Pt)
072 _aQ04
100 1 _aPereira, C.A.M.
100 1 _aCruz, P.B. da
100 1 _aDores, C. das
245 1 _aTeor de flavonóides em condimentos industrializados
650 _aCONDIMENTO
650 _aFLANÓIDE
650 _aESPECTROMETRIA
650 _aANÁLISE QUÍMICA
773 0 _tHigiene Alimentar (Brazil)
_xISSN 0101-9171
_g(May-Jun 2010), v. 24(184-185) p. 126-132
_wBR2010005199
909 _a202311
_bLúcia
_c55
_dLúcia Elande
942 _2AGRIS
_n0
_cANA
999 _c210180
_d210180